Online Catalogue and eLibrary

Gender (Record no. 1569)

MARC details
000 -LEADER
fixed length control field 00406nam a2200181Ia 4500
005 - DATE AND TIME OF LATEST TRANSACTION
control field 20250109045227.0
008 - FIXED-LENGTH DATA ELEMENTS--GENERAL INFORMATION
fixed length control field 240331s9999 xx 000 0 und d
020 ## - INTERNATIONAL STANDARD BOOK NUMBER
ISBN 0415084016
082 ## - DDC Classification
Item Number - Author Mark STE
DDC Edition Number 3792
Class No. 305.3
100 ## - MAIN ENTRY--PERSONAL NAME
Personal name Garrett, S
245 #0 - TITLE STATEMENT
Title Gender
260 ## - PUBLICATION, DISTRIBUTION, ETC.
Name of publisher, distributor, etc. Tavistock Publicatons Ltd
Date of publication, distribution, etc. 1987
300 ## - PHYSICAL DESCRIPTION
Extent (e.g. Volumes, Pages etc.) viii, 167 p.,
650 ## - SUBJECT ADDED ENTRY--TOPICAL TERM
Topical term or geographic name entry element Gender
650 ## - SUBJECT ADDED ENTRY--TOPICAL TERM
Topical term or geographic name entry element Women
650 ## - SUBJECT ADDED ENTRY--TOPICAL TERM
Topical term or geographic name entry element Men
942 ## - Koha item type (Biblio)
Koha item type Books in Stacks (Lending)
Holdings
Lost status Damaged status Collection code Home library Current library Shelving location Date acquired Full call number Accession Number Item type
    Lending WERC Library WERC Library Social Science Cupboard 03/31/2024 305.3 GAR 3792 Books in Stacks (Lending)

© WERC Library